MARC details
| 000 -LEADER |
| fixed length control field |
01320nam a2200361 4500 |
| 001 - CONTROL NUMBER |
| control field |
43887317 |
| 003 - CONTROL NUMBER IDENTIFIER |
| control field |
OCoLC |
| 005 - DATE AND TIME OF LATEST TRANSACTION |
| control field |
20220719202746.0 |
| 008 - FIXED-LENGTH DATA ELEMENTS--GENERAL INFORMATION |
| fixed length control field |
000419t19981998ohua j 000 1 spa d |
| 020 ## - INTERNATIONAL STANDARD BOOK NUMBER |
| International Standard Book Number |
0922852464 |
| Qualifying information |
paperback |
| 020 ## - INTERNATIONAL STANDARD BOOK NUMBER |
| International Standard Book Number |
9780922852468 |
| 040 ## - CATALOGING SOURCE |
| Original cataloging agency |
DVA |
| Language of cataloging |
eng |
| Description conventions |
rda |
| Transcribing agency |
DVA |
| Modifying agency |
JQF |
| 041 1# - LANGUAGE CODE |
| Language code of text/sound track or separate title |
spa |
| Language code of original |
eng |
| 100 1# - MAIN ENTRY--PERSONAL NAME |
| Personal name |
Giff, Patricia Reilly. |
| 240 00 - UNIFORM TITLE |
| Uniform title |
<a href="Lazy lions, lucky lambs.">Lazy lions, lucky lambs.</a> |
| Language of a work |
Spanish. |
| 245 10 - TITLE STATEMENT |
| Title |
Leones perezosos, corderos afortunados / |
| Statement of responsibility, etc. |
por Patricia Giff ; ilustraciones de Blanche Sims ; [traduccion de Consuelo Gonzalez de Ortega] |
| 260 ## - PUBLICATION, DISTRIBUTION, ETC. (IMPRINT) |
| Place of publication, distribution, etc. |
Cincinnati, Ohio : |
| Name of publisher, distributor, etc. |
Another Language Press, |
| Date of publication, distribution, etc. |
[1998] |
| 264 #1 - PRODUCTION, PUBLICATION, DISTRIBUTION, MANUFACTURE, AND COPYRIGHT NOTICE |
| Place of production, publication, distribution, manufacture |
Cincinnati, Ohio : |
| Name of producer, publisher, distributor, manufacturer |
Another Language Press, |
| Date of production, publication, distribution, manufacture, or copyright notice |
[1998] |
| 264 #4 - PRODUCTION, PUBLICATION, DISTRIBUTION, MANUFACTURE, AND COPYRIGHT NOTICE |
| Date of production, publication, distribution, manufacture, or copyright notice |
℗♭1998. |
| 300 ## - PHYSICAL DESCRIPTION |
| Extent |
76 pages : |
| Other physical details |
illustrations ; |
| Dimensions |
20 cm. |
| 336 ## - CONTENT TYPE |
| Content type term |
text |
| Content type code |
txt |
| Source |
rdacontent. |
| 337 ## - MEDIA TYPE |
| Media type term |
unmediated |
| Media type code |
n |
| Source |
rdamedia. |
| 338 ## - CARRIER TYPE |
| Carrier type term |
volume |
| Carrier type code |
nc |
| Source |
rdacarrier. |
| 490 1# - SERIES STATEMENT |
| Series statement |
El caballo volador. |
| 500 ## - GENERAL NOTE |
| General note |
Translation of: Lazy lions, lucky lambs. |
| 520 ## - SUMMARY, ETC. |
| Summary, etc. |
March is the worst month for Richard Best, it's report card time and if he doesn't get good grades he might be left back again. |
| 650 #1 - SUBJECT ADDED ENTRY--TOPICAL TERM |
| Topical term or geographic name as entry element |
Schools |
| Form subdivision |
Fiction. |
| 650 #1 - SUBJECT ADDED ENTRY--TOPICAL TERM |
| Topical term or geographic name as entry element |
Spanish language materials. |
| 655 #7 - INDEX TERM--GENRE/FORM |
| Genre/form data or focus term |
Fiction. |
| Source of term |
lcgft. |
| 700 1# - ADDED ENTRY--PERSONAL NAME |
| Personal name |
Sims, Blanche. |
| 830 #0 - SERIES ADDED ENTRY--UNIFORM TITLE |
| Uniform title |
Caballo volador. |
| 942 ## - ADDED ENTRY ELEMENTS (KOHA) |
| Koha item type |
Libro/Book |